| 000 | 00998nam a22003257a 4500 | ||
|---|---|---|---|
| 003 | CHAP | ||
| 005 | 20220329134041.0 | ||
| 008 | 971013s1969 r 00010 d | ||
| 010 | _a14669 | ||
| 011 | _a15641 | ||
| 035 | _a19717 | ||
| 040 | _cCHAP | ||
| 082 |
_a519.5 _bG6 |
||
| 100 | 0 | 0 |
_aGotkin, Lassar G. _950083 |
| 245 | _aEstadística descriptiva; texto programado | ||
| 260 |
_aMéxico, D.F. : _bLimusa, _c1969 |
||
| 300 | _av | ||
| 490 | _aSerie Limusa-wiley de libros programados | ||
| 500 | _aLa biblioteca tiene; v.1 | ||
| 590 |
_aBATCH-UPD _b10 _c20130110 _lUCH01 _h2105 |
||
| 590 |
_aBATCH-UPD _b10 _c20130410 _lUCH01 _h1417 |
||
| 590 |
_aBATCH-UPD _b10 _c20130914 _lUCH01 _h1323 |
||
| 590 |
_aCONVERSION _b10 _c20130109 _lUCH01 _h1309 |
||
| 650 | 1 | 4 |
_aEstadística. _938241 |
| 700 | 0 |
_aGoldstein, Leo S. _948579 |
|
| 830 | 0 |
_aSerie Limusa-wiley de libros programados _9104948 |
|
| 901 | _aBK | ||
| 942 | _cLIBRO | ||
| 949 |
_a519.5 G6 _bBC _cLIBRO _d-45996 _eLIBRO _h53038 _i19717 _mD _si |
||
| 999 |
_c14669 _d14669 |
||